01197 a2200229 45000010006000000050017000060080041000230030015000640400040000790800027001192450113001460200022002592640032002813000019003135050441003320410008007731000021007817000024008027000023008267000019008498560099008684595920260407155732.0260407a2011 arg spa dAR-UNSa-BCEJYS aAR-UNSa-BCEJYSbspacAR-UNSa-BCEJYS a369xSeguridad social 10aEncrucijadas en la seguridad social Argentinapreformas, cobertura y desafíos para el sistema de pensiones a978-92-2-325772-9 1aBuenos Aires :bCEPALc2011 a176 p.c25 cm. a1. objetivos de la previsión social, el papel del Estado y la experiencia internacional en la conformación de los sistemas – 2. Maduración, crisis y reforma del sistema previsional argentino – 3. Las reformas recientes en el sistema previsional argentino – 4. Cobertura provisional – 5. Consideraciones sobre las tendencias demográficas y su vínculo con el sistema de pensiones – 6. Situación actual y desafíos.  aspa1 aBertranou, Fabio1 aCetrángolo, Oscar1 aGrushka, Carlos O.1 aCasanova, Luis41uhttps://www.biblioeco.unsa.edu.ar/pmb/images/libros/L127248.jpgyImagen de portadaqimage/jpeg